000 00557nam a2200193Ia 4500
005 20260120131609.0
008 008 260114s9999 xx 000 0 eng d
020 _a9780191874789
037 _aEBOOK
040 _aCRL
_beng
_cCRL
041 _aeng
_2eng
084 _qCRL
100 _aSalguero-Gomez, Gamelon
_9928902
245 0 _aDemographic Methods across the Tree of Life
260 _bOxford University PressOxford University Press
_c2021
856 _uhttps://academic.oup.com/book/41173
942 _cEBOOK
999 _c1520822
_d1520822